A Study of the effect of shape of mineral aggregate on stability of asphalt paving mixtures
Descripción Física:
42 p. : il., taules ; 21 cm
Materias:
Paviments d'asfalt -- Estats Units
MARC
| LEADER | 00000nam a2200000Ia 4500 | ||
|---|---|---|---|
| 001 | 24422 | ||
| 003 | BGR | ||
| 005 | 20260324180603.0 | ||
| 008 | 160829s1928 xx 000 0 cat d | ||
| 080 | |a FU-67-8 | ||
| 100 | |a Nicholson, Victor |9 49317 | ||
| 245 | 2 | |a A Study of the effect of shape of mineral aggregate on stability of asphalt paving mixtures | |
| 260 | |a [Louisville, Ky] : |b Kentucky Rock Asphalt Co., |c 1928 | ||
| 300 | |a 42 p. : |b il., taules ; |c 21 cm | ||
| 590 | |a Text en anglès | ||
| 650 | |a Paviments d'asfalt |x Estats Units |9 49318 | ||
| 710 | 2 | |a Kentucky Rock Asphalt Co. |9 71320 | |
| 900 | |a bib_24423_baixa.pdf | ||
| 901 | |a Arxiu | ||
| 942 | |n 1 |2 udc |c MON | ||
| 952 | |0 0 |1 0 |4 0 |6 FU678 |7 1 |9 55263 |a Arxiu |b Arxiu |d 2016-12-01 |l 0 |o FU-67-8 |p 24422 |r 2016-12-01 00:00:00 |w 2016-12-01 |y ARXIU | ||
| 999 | |c 59136 |d 59136 | ||